Word Scramble- Oceania - Statistics

General Stats
  • This quiz has been taken 15 times
  • The average score is 13 of 24
Answer Stats
Hint Answer % Correct
Unrau Nauru
93%
Yendys Sydney
93%
Gotan Tonga
93%
Valtuu Tuvalu
93%
Navuuta Vanuatu
93%
Baktiiri Kiribati
87%
Ruuul Uluru
87%
Sallidsmonsoon Solomon Islands
73%
Lasaartui Australia
60%
Windra Darwin
60%
Wanugupaepeani Papua New Guinea
60%
Dakuncal Auckland
53%
Rensabbi Brisbane
53%
Borath Hobart
53%
Bruelemon Melbourne
47%
Tegrarabireferer Great Barrier Reef
33%
Arabboor Bora Bora
27%
Nuhollou Honolulu
27%
Zukmuntososicko Mount Kosciuszko
20%
Yeperohunsseyoda Sydney Opera House
20%
Wetrysko Sky Tower
13%
Stogoclad Gold Coast
7%
Elaakui Kīlauea
7%
Sulmorfiddon Milford Sound
7%
No matching quizzes found
Score Distribution
Percent of People with Each Score
Percentile by Number Answered
Your Score History
You have not taken this quiz